000 01378cam a2200301 4500
001 ABS64715
008 011102n2001 000 0 eng u
035 _a(Sirsi) u115448
100 _aBlackman, D.
245 _aPlanning in crisis
260 _c2001
490 _aProperty Week
_v66(43) 26 October 2001, 32-36(5)
520 _aSpecial feature revealing details of the imminent Planning Green Paper. Provides the background to to the proposed reforms and discusses the recent briefing papers which attack the eight-week target for planning applications and existing development plans. Key reforms are likely to include new-look local and unitary plans, greater importance given to supplementary planning guidance and development briefs, a radical change to public inquiries, and an increase in fees. Includes an interview with Lord Falconer and case studies of planning practice for Hackney Wick Stadium and Birmingham's city centre.
590 _aABS
650 _aPLANNING SYSTEM
650 _aPLANNING GREEN PAPER
650 _aREFORM
650 _aBIRMINGHAM
650 _aHACKNEY
650 _aTARGETS
650 _aFEES
650 _aPLANNING APPLICATIONS
650 _aPLANNING INQUIRIES
650 _aPLANNING GUIDANCE
650 _aDEVELOPMENT PLANS
690 _aENVIRONMENTAL AND LAND CONSULTANCY-PLANNING AND DEVELOPMENT
942 _n0
999 _c68758
_d68758